Implementación de la técnica de Fitball para el entrenamiento de la zona central (CORE) en deportistas nadadores para mejorar su control motor en la escuela de natación Julio León Prado, gestión 1-2014
Αποθηκεύτηκε σε:
| Κύριος συγγραφέας: | |
|---|---|
| Μορφή: | Thesis Βιβλίο |
| Έκδοση: |
Cochabamba :
s.n
2014
|
| Έκδοση: | 1a ed.-- |
| Θέματα: | |
| Διαθέσιμο Online: | http://167.157.38.5/TextosCompletos/medte/T011300305.PDF |
| Ετικέτες: |
Προσθήκη ετικέτας
Δεν υπάρχουν, Καταχωρήστε ετικέτα πρώτοι!
|
MARC
| LEADER | 00000cam a2200000 a 4500 | ||
|---|---|---|---|
| 001 | T01-13-00305 | ||
| 003 | FAC.MEDICINA-UMSS | ||
| 005 | 000000.0 | ||
| 008 | s r 001 spa d | ||
| 043 | |a s-bo | ||
| 082 | 0 | |a 610 | |
| 083 | 0 | |a FIS >> 2014 >> A668i | |
| 852 | 1 | |h 610 |b FIS >> 2014 >> A668i | |
| 250 | |a 1a ed.-- | ||
| 260 | |a Cochabamba : |b s.n |c 2014 | ||
| 300 | |a 97 p. : |b ilustabgraf ; |c . | ||
| 502 | |a Tesis |b ^aLicenciatura |c Universidad Mayor de San Simón. Facultad de Medicina. Programa de Fisioterapia y Kinesiología |d 2014 | ||
| 650 | 1 | 2 | |a Centros de Entrenamiento Físico |
| 100 | 1 | |a Arce Merett, Ariela Edwina | |
| 245 | 0 | 0 | |a Implementación de la técnica de Fitball para el entrenamiento de la zona central (CORE) en deportistas nadadores para mejorar su control motor en la escuela de natación Julio León Prado, gestión 1-2014 |c Arce Merett, Ariela Edwina |
| 242 | 1 | 0 | |a Implementation of the Fitball technique for the training of the central zone (CORE) in swimmers athletes to improve their motor control in the Julio León Prado swimming school, management 1-2014 |y en |
| 041 | |a ^ies | ||
| 720 | 1 | |a Illanes Velarde, Daniel |u Universidad Mayor de San Simón. Facultad de Medicina. Programa de Fisioterapia y Kinesiología | |
| 876 | 0 | 0 | |a T01-13-00305 |
| 500 | |a BO41TFIS | ||
| 856 | 4 | |u http://167.157.38.5/TextosCompletos/medte/T011300305.PDF |q pdf | |